| 000 | 00802nam a2200169 i 4500 | ||
|---|---|---|---|
| 001 | 184423 | ||
| 003 | ES-MaACL | ||
| 005 | 20230906222206.0 | ||
| 008 | 150824s1892 it |||| | ita d | ||
| 245 | 0 | 0 |
_aRelazione sul servizio minerario nel 1890 _b: Estratto dalla Rivista mineraria del 1890 (Annali di Agricoltura, n. 191). |
| 260 |
_aFirenze : _b[s.n.], _c1892 ( _fTip. G. Barbera) |
||
| 300 |
_a250 p., [2] h. map. : _bil. ; _c24 cm. |
||
| 594 | _aPrecede al tít.: Ministero di agricoltura, industria e commercio, Direzione dell'agricoltura. | ||
| 650 | 4 |
_aMinería- _zItalia. _9157291 |
|
| 710 | 1 |
_aItalia. _bDirezione Generale dell'Agricoltura. _95309 |
|
| 852 |
_aES-MaACL _jT-899-F-23 _z.- Legado de Federico de Botella y de Hornos _z.- Enc. en un vol. facticio conservando la cub. original |
||
| 999 |
_c184423 _d184423 |
||